000
00346nam a22001337a 4500
003
SGT
082
_a
070
_b
G92R
100
_a
राय, विवेकी
245
_a
गंगा यमुना सरस्वती
260
_b
भोजपुरी संसथान
_c
1992
300
_a
72
650
_a
JOURNALISM
942
_2
ddc
_c
BK
999
_c
28816
_d
28816